[Event "Canadian zt"]
[Site "Toronto"]
[Date "2024.03.30"]
[Round "6"]
[White "Rodrigue Lemieux, Shawn"]
[Black "Thavandiran, Shiyam"]
[Result "0-1"]
[WhiteElo "2506"]
[BlackElo "2347"]
[PlyCount "100"]
[EventDate "2024.03.27"]
[EventType "team-swiss"]
[EventRounds "10"]
[EventCountry "CAN"]
[SourceTitle "CB15_2024"]
[SourceDate "2024.04.10"]
[SourceVersion "1"]
[SourceVersionDate "2024.04.10"]
[SourceQuality "1"]

1. e4 e6 2. d4 d5 3. Nd2 c5 4. Ngf3 cxd4 5. Nxd4 Nf6 6. exd5 a6 7. N2f3 Qxd5 8. Bd3 Nbd7 9. 0-0 Bd6 10. c4 Qc5 11. a3 b6 12. Re1 0-0 13. Bf1 Bb7 14. Bg5 Ne5 15. b4 Qc7 16. Rc1 Rad8 17. Qe2 Nxf3+ 18. Nxf3 Bxf3 19. Qxf3 Bxh2+ 20. Kh1 Be5 21. c5 b5 22. a4 Rd4 23. axb5 axb5 24. Bxf6 Bxf6 25. Re4 Rxe4 26. Qxe4 Rb8 27. Rd1 g6 28. Rd6 Kg7 29. g3 h5 30. Bd3 h4 31. g4 Qa7 32. Bb1 Qa1 33. Rd7 Kg8 34. Kg2 Qe5 35. Qf3 Rd8 36. c6 Rxd7 37. cxd7 Kg7 38. Bd3 Be7 39. Qe4 Qb8 40. Qc6 Qf4 41. Qe4 h3+ 42. Kg1 h2+ 43. Kg2 h1Q+ 44. Kxh1 Qxf2 45. Bxb5 Bd6 46. Qe2 Qh4+ 47. Kg1 Bc7 48. Qe4 Bb6+ 49. Kg2 Qf2+ 50. Kh3 Bc7 0-1

[Event "FIDE Grand Swiss"]
[Site "Douglas"]
[Date "2023.11.01"]
[Round "7"]
[White "Niemann, Hans Moke"]
[Black "Rodrigue Lemieux, Shawn"]
[Result "1-0"]
[WhiteElo "2667"]
[BlackElo "2488"]
[PlyCount "113"]
[EventDate "2023.10.25"]
[EventType "swiss"]
[EventRounds "11"]
[EventCountry "IOM"]
[SourceTitle "Mega2024 Update 01"]
[Source "Chessbase"]
[SourceDate "2023.11.12"]
[SourceVersion "1"]
[SourceVersionDate "2023.11.12"]
[SourceQuality "1"]

1. e4 c6 2. d4 d5 3. e5 Bf5 4. Nf3 e6 5. Be2 c5 6. 0-0 Nc6 7. c3 cxd4 8. cxd4 Nge7 9. h3 Be4 10. Nbd2 Nf5 11. Bb5 Qb6 12. Qa4 Bc2 13. b3 a6 14. Bxc6+ bxc6 15. Ba3 Qb5 16. Qxb5 cxb5 17. Bxf8 Rxf8 18. Rfc1 Be4 19. Rc7 f6 20. Rac1 Ne7 21. Rb7 Kf7 22. Rcc7 Rfe8 23. b4 Bxf3 24. Nxf3 Rac8 25. Rc5 Rb8 26. Rd7 Red8 27. Ra7 Ra8 28. Rcc7 Rxa7 29. Rxa7 Rc8 30. Rxa6 Rc1+ 31. Kh2 Rc2 32. Ra5 Rxf2 33. Rxb5 Rxa2 34. Rb7 Kf8 35. b5 Nf5 36. b6 Rb2 37. Kg1 Ne3 38. Rb8+ Kf7 39. b7 Nf5 40. g4 Ne7 41. exf6 gxf6 42. g5 Ng6 43. h4 fxg5 44. Nxg5+ Kf6 45. Nxh7+ Kg7 46. Ng5 Nf8 47. h5 Nd7 48. Nxe6+ Kf6 49. Rg8 Rxb7 50. h6 Ne5 51. Ng5 Rb1+ 52. Kg2 Rb2+ 53. Kg3 Rb3+ 54. Kh4 Ng6+ 55. Kh5 Nf4+ 56. Kg4 Ng6 57. Nh7+ 1-0

[Event "FIDE Grand Swiss"]
[Site "Douglas"]
[Date "2023.10.30"]
[Round "6"]
[White "Rodrigue Lemieux, Shawn"]
[Black "Cheparinov, Ivan"]
[Result "1/2-1/2"]
[WhiteElo "2488"]
[BlackElo "2658"]
[PlyCount "73"]
[EventDate "2023.10.25"]
[EventType "swiss"]
[EventRounds "11"]
[EventCountry "IOM"]
[SourceTitle "Mega2024 Update 01"]
[Source "Chessbase"]
[SourceDate "2023.11.12"]
[SourceVersion "1"]
[SourceVersionDate "2023.11.12"]
[SourceQuality "1"]

1. e4 c5 2. Nf3 Nc6 3. Bb5 e6 4. 0-0 Nge7 5. Re1 Nd4 6. Nxd4 cxd4 7. c3 a6 8. Bf1 Nc6 9. d3 Bc5 10. Nd2 d6 11. Nb3 e5 12. Nxc5 dxc5 13. f4 exf4 14. Bxf4 0-0 15. Qh5 f5 16. g3 Be6 17. c4 fxe4 18. Rxe4 Bf5 19. Ree1 Qf6 20. a3 h6 21. h4 Rac8 22. Rad1 Ne7 23. Rd2 Qg6 24. Qf3 Bg4 25. Qg2 Nf5 26. Rf2 Kh7 27. Kh2 Rc6 28. Re5 Rcf6 29. Qe4 Ne3 30. Qxg6+ Kxg6 31. Rxc5 Nxf1+ 32. Rxf1 Re8 33. Rf2 Rfe6 34. Rd5 Re2 35. Rxe2 Rxe2+ 36. Kg1 Rxb2 37. Rxd4 1/2-1/2

[Event "FIDE Grand Swiss"]
[Site "Douglas"]
[Date "2023.10.28"]
[Round "4"]
[White "Rodrigue Lemieux, Shawn"]
[Black "Pichot, Alan"]
[Result "1/2-1/2"]
[WhiteElo "2488"]
[BlackElo "2650"]
[PlyCount "104"]
[EventDate "2023.10.25"]
[EventType "swiss"]
[EventRounds "11"]
[EventCountry "IOM"]
[SourceTitle "Mega2024 Update 01"]
[Source "Chessbase"]
[SourceDate "2023.11.12"]
[SourceVersion "1"]
[SourceVersionDate "2023.11.12"]
[SourceQuality "1"]

1. e4 c5 2. Nf3 d6 3. Bb5+ Nd7 4. Ba4 Ngf6 5. 0-0 e6 6. Re1 Be7 7. c3 a6 8. d4 b5 9. Bc2 Bb7 10. Nbd2 0-0 11. e5 dxe5 12. dxe5 Nd5 13. Ne4 Qc7 14. Neg5 g6 15. Qd2 Rfd8 16. Nxh7 Kxh7 17. Bxg6+ Kg8 18. Qh6 Nf8 19. Bc2 f5 20. g4 Qc6 21. gxf5 exf5 22. Bxf5 Nc7 23. Qxc6 Bxc6 24. Ng5 Rd5 25. Be4 Nfe6 26. Bxd5 Bxd5 27. h4 Kg7 28. Kh2 Rf8 29. Be3 Nxg5 30. hxg5 Ne6 31. Rad1 Bc6 32. Kg3 Kg6 33. f4 Rh8 34. Bf2 Kf5 35. Be3 Kg6 36. Rd2 Ng7 37. Bf2 Nf5+ 38. Kg4 Rh2 39. e6 c4 40. Re5 Rg2+ 41. Kh3 Bf3 42. b3 b4 43. Be1 Rg1 44. Rf2 Bc6 45. cxb4 c3 46. Rc2 Rh1+ 47. Kg4 Rg1+ 48. Kh3 Bd6 49. Rxc3 Rh1+ 50. Kg4 Rg1+ 51. Kh3 Rh1+ 52. Kg4 Rg1+ 1/2-1/2

[Event "Wch U20 60th"]
[Site "Mexico City"]
[Date "2023.09.28"]
[Round "7"]
[White "Niemann, Hans Moke"]
[Black "Rodrigue Lemieux, Shawn"]
[Result "1/2-1/2"]
[WhiteElo "2667"]
[BlackElo "2485"]
[PlyCount "125"]
[EventDate "2023.09.21"]
[EventType "swiss"]
[EventRounds "11"]
[EventCountry "MEX"]
[SourceTitle "EXT 2024"]
[Source "ChessBase"]
[SourceDate "2023.10.10"]
[SourceVersion "1"]
[SourceVersionDate "2023.10.10"]
[SourceQuality "1"]

1. e4 c6 2. d4 d5 3. e5 Bf5 4. Nf3 e6 5. Be2 Ne7 6. c3 Nd7 7. 0-0 c5 8. dxc5 Nxc5 9. Nd4 Nc6 10. Bb5 Rc8 11. Nxf5 exf5 12. Nd2 Be7 13. Nf3 0-0 14. Be3 Ne6 15. Qd2 Qc7 16. Qxd5 Rfd8 17. Qb3 f4 18. Bxc6 bxc6 19. Bd2 g5 20. Rae1 c5 21. Bc1 c4 22. Qc2 Rd3 23. Qe2 Qd7 24. Nd2 Qd5 25. h3 Rd8 26. Nf3 h5 27. Qe4 g4 28. Qxd5 R8xd5 29. hxg4 hxg4 30. Nh2 g3 31. fxg3 fxg3 32. Ng4 Bc5+ 33. Kh1 Kg7 34. Be3 Rd8 35. Bxc5 Nxc5 36. Ne3 Rd2 37. Nf5+ Kg8 38. Nd6 Nd3 39. Re3 Nxe5 40. Ne4 Rd1 41. Kg1 Kf8 42. Nxg3 Rxf1+ 43. Nxf1 Nd3 44. b4 Nc1 45. a4 Rd1 46. Rh3 Kg7 47. b5 Nd3 48. Rg3+ Kf8 49. Rg4 Nb2 50. Rh4 Ra1 51. Rh8+ Kg7 52. Ra8 Rxa4 53. Ne3 Ra5 54. Rb8 Ra3 55. b6 axb6 56. Rxb6 Nd3 57. Nd5 Ra5 58. Rd6 Ra1+ 59. Kh2 Ra2 60. Kg3 Ne1 61. Ne3 Re2 62. Nf5+ Kh7 63. Rh6+ 1/2-1/2

[Event "Casablanca Mohammed op 4th"]
[Site "Casablanca"]
[Date "2023.08.16"]
[Round "4"]
[White "Albornoz Cabrera, Carlos Daniel"]
[Black "Rodrigue Lemieux, Shawn"]
[Result "1-0"]
[WhiteElo "2575"]
[BlackElo "2493"]
[PlyCount "63"]
[EventDate "2023.08.14"]
[EventType "swiss"]
[EventRounds "9"]
[EventCountry "MAR"]
[SourceTitle "CBM 215 Extra"]
[Source "ChessBase"]
[SourceDate "2023.09.30"]
[SourceVersion "1"]
[SourceVersionDate "2023.09.30"]
[SourceQuality "1"]

1. e4 c6 2. d4 d5 3. e5 Bf5 4. Nf3 e6 5. Be2 Ne7 6. 0-0 c5 7. Na3 a6 8. dxc5 Nec6 9. Be3 Nd7 10. c4 Be4 11. Rc1 Be7 12. cxd5 Bxd5 13. Nb1 0-0 14. Nc3 Bxf3 15. Bxf3 Ndxe5 16. Be2 Qc7 17. Qa4 Rad8 18. Rfd1 Nd7 19. b4 Qe5 20. Bf3 Ndb8 21. a3 Rxd1+ 22. Qxd1 Rd8 23. Qe2 a5 24. b5 Nd4 25. Bxd4 Qxd4 26. Ne4 Rc8 27. Rd1 Qe5 28. Qd2 f5 29. Ng5 Bxc5 30. Nxe6 h6 31. Bxb7 Re8 32. Bd5 1-0

[Event "Titled Tuesday intern op 25th Jul Late"]
[Site "Chess.com INT"]
[Date "2023.07.25"]
[Round "6"]
[White "Golubev, Mikhail"]
[Black "Rodrigue Lemieux, Shawn"]
[Result "0-1"]
[WhiteElo "2461"]
[BlackElo "2495"]
[PlyCount "108"]
[EventDate "2023.07.25"]
[EventType "swiss (blitz)"]
[EventRounds "11"]
[EventCountry "USA"]
[SourceTitle "EXT 2024"]
[Source "ChessBase"]
[SourceDate "2023.10.10"]
[SourceVersion "1"]
[SourceVersionDate "2023.10.10"]
[SourceQuality "1"]

1. e4 h6 2. d4 g6 3. Nf3 f6 4. c4 e6 5. Nc3 d6 6. Bd3 c6 7. 0-0 b6 8. Be3 a6 9. d5 b5 10. dxc6 b4 11. Qa4 Kf7 12. Ne2 Qc7 13. c5 dxc5 14. Rac1 Qxc6 15. Qb3 a5 16. Nf4 a4 17. Qc2 g5 18. Nh5 Ba6 19. Rfd1 Bxd3 20. Qxd3 Ra7 21. e5 f5 22. Bxg5 Rd7 23. Qe3 hxg5 24. Nxg5+ Ke7 25. Nf4 Rh6 26. h4 Bg7 27. h5 Rxd1+ 28. Rxd1 Nd7 29. Ng6+ Rxg6 30. hxg6 Nxe5 31. Qh3 Kf6 32. Qh5 Ng4 33. Nf7 Bh6 34. Nxh6 N8xh6 35. f3 c4 36. fxg4 Qc5+ 37. Kh1 Nxg4 38. Rf1 Nf2+ 39. Kh2 Ne4 40. Qh7 Qd6+ 41. Kg1 Qd4+ 42. Kh1 Ng3+ 43. Kh2 Nxf1+ 44. Kh1 Ng3+ 45. Kh2 Ne2 46. Qf7+ Kg5 47. Qe7+ Qf6 48. g7 Qxe7 49. g8Q+ Kf6 50. Qh8+ Qg7 51. Qd8+ Kg6 52. Qe8+ Qf7 53. Qh8 Qh7+ 54. Qxh7+ Kxh7 0-1

[Event "Francophonie-ch 9th"]
[Site "Yamoussoukro"]
[Date "2023.07.04"]
[Round "3"]
[White "Abderrahim Taleb, Mohamed"]
[Black "Rodrigue Lemieux, Shawn"]
[Result "0-1"]
[WhiteElo "2126"]
[BlackElo "2495"]
[PlyCount "48"]
[EventDate "2023.07.02"]
[EventType "swiss"]
[EventRounds "9"]
[EventCountry "IVO"]
[SourceTitle "CBM 215 Extra"]
[Source "ChessBase"]
[SourceDate "2023.09.30"]
[SourceVersion "1"]
[SourceVersionDate "2023.09.30"]
[SourceQuality "1"]

1. e4 c6 2. d4 d5 3. exd5 cxd5 4. Bd3 Nc6 5. c3 Qc7 6. h3 g6 7. Nf3 Bf5 8. 0-0 Bxd3 9. Qxd3 Nh6 10. Re1 Nf5 11. Ne5 Bg7 12. Bf4 Nd6 13. Nd2 Rd8 14. b4 e6 15. Nxc6 Qxc6 16. a4 0-0 17. b5 Qd7 18. Bxd6 Qxd6 19. Nb3 Rc8 20. a5 Rc4 21. b6 axb6 22. axb6 Qxb6 23. Na5 Rcc8 24. Reb1 Qc7 0-1